| 000 | 00628nam a22002177a 4500 | ||
|---|---|---|---|
| 003 | OSt | ||
| 005 | 20160601180125.0 | ||
| 008 | 160601b xxu||||| |||| 00| 0 eng d | ||
| 020 | _a9780199545766 | ||
| 040 | _cDDC | ||
| 082 | _a001.42 HOL 2011 | ||
| 100 |
_aHolmes, Debbie; Moody, Peter; Dine, Diana _99186 |
||
| 245 | _aResearch methods for the Biosciences | ||
| 250 | _a2nd ed. | ||
| 260 | _aOxford University Press, 2011 | ||
| 300 | _axxiii, 457p; col.ill: 25cm | ||
| 504 | _aAppendice, Glossary, References, & index included | ||
| 650 |
_aResearch mehods _99187 |
||
| 650 |
_aBiosciences _99188 |
||
| 942 |
_2z _cO_SHELF |
||
| 999 |
_c4262 _d4262 |
||